Prénoms de footballeurs n°2 - Statistiques

Statistiques générales
  • Ce quiz a été pris 226 fois
  • Le résultat moyen est 13 sur 15
Statistiques - réponses
Pays Nom Prénom % Correct
Belgique De Bruyne Kévin
99%
Côte d'Ivoire Drogba Didier
95%
Sénégal Mané Sadio
95%
Espagne Piqué Gerard
94%
Uruguay Suárez Luis
94%
Croatie Modric Luka
94%
France Kolo Muani Randal
93%
Norvège Haaland Erling
92%
France Barcola Bradley
91%
Portugal Félix João
91%
Allemagne Kroos Toni
91%
Royaume-Uni Palmer Cole
90%
Brésil Paquetá Lucas
85%
Norvège Ødegaard Martin
75%
Italie Calafiori Riccardo
44%
Aucun quiz correspondant
Distribution des résultats
% des personnes avec chaque résultat
Percentile par nombre de réponses
Votre historique - résultats
Vous n’avez pas pris ce quiz